| 000 | 00435nam a2200205Ia 4500 | ||
|---|---|---|---|
| 003 | 0100 | ||
| 008 | 130307s9999 xx 000 0 und d | ||
| 040 | _cARRUPELIB | ||
| 050 | _aPC211.W8 1961 | ||
| 100 | _aWright, J | ||
| 245 | _aElementary French grammar | ||
| 250 | _a2nd | ||
| 260 | _aHeidelberg | ||
| 260 | _bJ. Groos | ||
| 260 | _c1900 | ||
| 300 | _avi | ||
| 300 | _b172 p. 21 cm | ||
| 700 | _aJ. Wright | ||
| 942 | 0 | 0 | _01 |
| 999 |
_c90999 _d90999 |
||